|
|
|
|
| LEADER |
00000nam a22000007a 4500 |
| 005 |
20220808232542.0 |
| 007 |
cr|||| |||| |
| 008 |
220808s2021 br |||||s|||| 00||0 por d |
| 020 |
|
|
|a 978658935155-9
|
| 035 |
|
|
|a 36802
|
| 040 |
|
|
|a vLex
|
| 090 |
|
|
|c 13677
|d 13677
|
| 100 |
1 |
|
|a de Moraes Mello, Cleyson
|
| 245 |
1 |
0 |
|a Faml̕ias Alimentos
|h [Recurso electrn̤ico] /
|c Cleyson de Moraes Mello
|
| 256 |
|
|
|a Servicio en ln̕ea
|
| 260 |
|
|
|a Rio de Janeiro:
|b Editora Processo,
|c 2021
|
| 300 |
|
|
|a 1 recurso electrn̤ico
|
| 500 |
|
|
|a Esta obra oferece uma clara e panorḿica visô do instituto jurd̕ico dos alimentos na esfera do direito de faml̕ia, a partir de uma visô constitucionalizada, incluindo uma farta anl̀ise jurisprudencial de seus principais desdobramentos. O autor apresenta uma personals̕sima anl̀ise do mais refinado pensamento deste instituto jurd̕ico, abordando temas como: direito civil-constitucional, dignidade da pessoa humana, direitos fundamentais, princp̕ios constitucionais, bem como as diversas espčies de alimentos, suas caracters̕ticas e seus aspectos processuais relevantes. A obra possibilita, portanto, o conhecimento do enfoque acadm̊ico e profissional relativamente ̉teoria e prt̀ica, primando pela qualidade dos conceitos e categorias jurd̕icas.
|
| 506 |
1 |
|
|a Disponible solo en los productos indicados
|d vLex Global
|d vLex Global (Academic Edition, excluding Law Schools)
|d vLex Global (U.S. Academic Edition, Law Schools)
|d vLex Global (U.S. Academic Edition, excluding Law Schools)
|d vLex Global (Academic Edition, Law Schools)
|
| 650 |
0 |
4 |
|a Familia y Sucesiones
|z Brasil
|
| 740 |
0 |
|
|a vLex Libros (Servicio en ln̕ea)
|
| 856 |
4 |
0 |
|u https://app.vlex.com/#/sources/36802
|z Acceso restringido
|
| 942 |
|
|
|c BOOK
|
| 999 |
0 |
|
|a Family and Inheritance
|